000
00361nam a2200133Ia 4500
008
231129s9999||||xx |||||||||||||| ||spa||
020
_a
958-682-313-X
040
_b
spa
082
_a
926.16 G216a
100
_a
García Horacio
245
0
_a
El alquimista errante: Paracelso
264
_a
Colciencias
942
_2
ddc
_c
BKS
999
_c
10147
_d
10147